| 000 | 01107nam a2200193Ia 4500 | ||
|---|---|---|---|
| 999 |
_c49438 _d49438 |
||
| 001 | 16361 | ||
| 003 | GE_BSU | ||
| 005 | 20250919195617.0 | ||
| 008 | 181216s2001||||ge |||||||||||||| ||geo|| | ||
| 040 | _cGE_BSU | ||
| 041 | _a geo | ||
| 080 | _a347(479.22)(094.4.072) ) ს-32 | ||
| 245 |
_aსაქართველოს სამოქალაქო კოდექსის კომენტარი:5 წიგნად. წ.4 ვალდებულებითი სამართალი _bწიგნი მეოთხე:ვალდებულებითი სამართალი:კერძო ნაწილი: ტ.2 მუხლები 755-1008 / _c[სარედ. კოლ.: ლადო ჭანტურია (მთ. რედ.) და სხვ.] |
||
| 264 |
_aთბილისი : _bსამართალი, _c2001. |
||
| 300 |
_a432 გვ; _b20 სმ. |
||
| 653 | _aსამართალი | ||
| 653 | _aსაქართველოს სამოქალაქო კოდექსის კომენტარი | ||
| 942 |
_cBK _2udc |
||